State support for inovations in Slovak Republic

Inovácie sú príležitosťou ako zabezpečiť čo najefektívnejšiu návratnosť vynaložených investícií v smere maximálneho zhodnocovania vstupných materiálov a energií. Na Slovensku je inovácia definovaná v zmysle zákona č. 172/2005 Z. z. o organizácii štátnej podpory výskumu a vývoja a o doplnení zákona č...

ver descrição completa

Na minha lista:
Detalhes bibliográficos
Autor principal: Dubovec, Juraj
Outros Autores: Obdržálek, Ladislav
Formato: Capítulo de Livro
Idioma:eslovaco
Assuntos:
Tags: Adicionar Tag
Sem tags, seja o primeiro a adicionar uma tag!

MARC

LEADER 00000nla a2200000 4500
001 0174604
005 20221020090241.2
041 0 |a slo 
044 |a CZ 
245 1 0 |a State support for inovations in Slovak Republic  |c Juraj Dubovec, Ladislav Obdržálek 
520 |a Inovácie sú príležitosťou ako zabezpečiť čo najefektívnejšiu návratnosť vynaložených investícií v smere maximálneho zhodnocovania vstupných materiálov a energií. Na Slovensku je inovácia definovaná v zmysle zákona č. 172/2005 Z. z. o organizácii štátnej podpory výskumu a vývoja a o doplnení zákona č. 575/2001 Z. z. o organizácii činnosti vlády a organizácii ústrednej štátnej správy v znení neskorších predpisov. 
610 2 0 |a Slovensko 
610 2 0 |a objavy 
610 2 0 |a vynálezy 
610 2 0 |a výskum 
610 2 0 |a vývoj 
610 2 0 |a inovácia 
610 2 0 |a transfer inovácií 
610 2 0 |a efektívnosť inovácií 
100 1 |a Dubovec, Juraj 
700 1 |a Obdržálek, Ladislav